| 000 | 00444ntaaa2200169 4500 | ||
|---|---|---|---|
| 003 | 01 | ||
| 005 | 20251027201221.0 | ||
| 008 | 0714s1973 ag 01 | ||
| 040 |
_aAR-BaBN _bspa _cAR-BaBN _eaacr _dRIC |
||
| 082 | _a220.823 V71 | ||
| 100 |
_aVilnet, Jean _910147 |
||
| 245 |
_aBiblia en la obra de San Juan de la Cruz / _cJean Vilnet |
||
| 250 |
_a1 ed. : _bDescléc, _cc1953 |
||
| 300 | _a232 p. | ||
| 650 |
_aTeología Bíblica _9313 |
||
| 942 | _cBK | ||
| 999 |
_c6491 _d6491 |
||